Vysoké Tatry horolezecký sprievodca : monografia Diel VI Rysy, hlavný hrebeň, so všetkými bočnými hrebeňovými výbežkami

Bibliographic Details
Main Author: Puškáš, Arno, 1925-2001 (Author, Illustrator)
Format: Book
Language:Slovak
PhysicalDescription:247 strán, [44] strán obrazových príloh fotografie, ilustrácie (niektoré farebné), mapy 21 cm 2 voľne vložené schematické mapky
Published: Bratislava Šport 1979
Edition:1. vyd.
Subjects:

MARC

LEADER 00000cam a2200000 a 4500
001 vtls009682733
003 SK-MaSNL
005 20260302043819.0
008 250313s1979 xo oab frn 001 0 slo
015 |a SNBA1979 
020 |q (viazané) 
035 |a (SVKBBclas03)vtls000053033 
035 |a 537A1217-F7AA-49B2-99DB-3B37D0A6D141 
035 |a urn:nbn:sk:snk-am00dje9 
035 |a urn:nbn:sk:snk-am3hs4g 
035 |a 2061F270-FCFF-4FD0-9C1D-DA30D9DE8257 
035 |a urn:nbn:sk:snk-am00d7bp 
040 |a SNK  |b slo  |c SNK  |e AACR2 
041 0 |a slo 
043 |a e-xo---  |a e-pl--- 
044 |a xo  |c SK 
072 7 |a 796  |x Šport. Hry. Telesné cvičenia  |2 konspekt 
080 |a 796.52((234.321.2)  |2 1981 
080 |a 796.52  |2 2011 
080 |a (234.372.4)  |2 2011 
080 |a (438)  |2 2011 
080 |a (036)913  |2 2011 
080 |a (048.8)  |2 2011 
100 1 |a Puškáš, Arno,  |d 1925-2001  |4 aut  |4 ill  |9 256316 
245 1 0 |a Vysoké Tatry  |b horolezecký sprievodca : monografia  |n Diel VI  |p Rysy, hlavný hrebeň, so všetkými bočnými hrebeňovými výbežkami  |c Arno Puškáš 
246 3 0 |a Rysy, hlavný hrebeň, so všetkými bočnými hrebeňovými výbežkami 
250 |a 1. vyd. 
260 |a Bratislava  |b Šport  |c 1979 
300 |a 247 strán, [44] strán obrazových príloh  |b fotografie, ilustrácie (niektoré farebné), mapy  |c 21 cm  |e 2 voľne vložené schematické mapky 
366 |e 8000 kusov 
500 |a Príloha obsahuje fotografie vrchov Vysokých Tatier a 2 voľne vložené schematické mapky (obsahujú názvy štítov a sediel) 
504 |a Menný register na strane 247-[248] ; obsahuje bibliografické odkazy 
650 0 7 |a horolezectvo  |2 SNKPH  |9 1050 
651 7 |a Vysoké Tatry (Poľsko a Slovensko : pohorie)  |2 SNKPHgeo  |9 67729 
651 7 |a Rysy (Vysoké Tatry, Poľsko a Slovenko : štít)  |2 SNKPHgeo  |9 175510 
655 7 |a monografie  |2 SNKPH  |9 70139 
655 7 |a turistickí sprievodcovia (publikácie)  |2 SNKPH  |9 191298 
852 |a Slovenská národná knižnica 
958 |a RK 
958 |a TL 
958 |a NB 
958 |a OND 
958 |a SP 
999 |c 1088006  |d 1089936 
952 |a SNK  |b SNK  |y PREZ  |7 0  |p 17A0831475  |o snkSC 11507/6  |i snkKSP 5615/79  |z Obsahuje prílohu: 2 mapy  |0 0  |1 0  |4 0  |d 2019-11-15  |f 1  |l 0  |r 2025-07-11 00:00:00  |w 2026-02-24 
952 |a SNK  |b SNK  |y PREZ  |7 0  |p 17A1379808  |o snkSC 11507/6/príl.  |i snkKSP 5615/79  |z Príloha: 2 mapy  |0 0  |1 0  |4 0  |d 2019-11-15  |f 1  |l 0  |r 2025-07-11 00:00:00  |w 2026-02-24 
952 |t snkPUŠ 796.52  |a SNKUST  |b SNKUST  |y PREZ  |7 0  |p 17A0062090  |o snkSC 11507/6 D1  |i snkKSP 5616/79  |0 0  |1 0  |4 0  |d 1997-04-22  |l 0  |r 2025-05-30 00:00:00  |w 2026-02-24